Corps et accompagnement : du bon usage du rire (notice n° 1634637)
[ vue normale ]
| 000 -LEADER | |
|---|---|
| fixed length control field | 01352cam a2200253 4500500 |
| 005 - DATE AND TIME OF LATEST TRANSACTION | |
| control field | 20260111132235.0 |
| 041 ## - LANGUAGE CODE | |
| Language code of text/sound track or separate title | fre |
| 042 ## - AUTHENTICATION CODE | |
| Authentication code | dc |
| 100 10 - MAIN ENTRY--PERSONAL NAME | |
| Personal name | Fiche, Baptiste |
| Relator term | author |
| 245 00 - TITLE STATEMENT | |
| Title | Corps et accompagnement : du bon usage du rire |
| 260 ## - PUBLICATION, DISTRIBUTION, ETC. | |
| Date of publication, distribution, etc. | 2025.<br/> |
| 500 ## - GENERAL NOTE | |
| General note | 45 |
| 520 ## - SUMMARY, ETC. | |
| Summary, etc. | Accompagner une personne en proie à des difficultés amène à s’en charger, dans tous les sens du terme. Pour le professionnel, toute la question est de savoir comment faire pour ne pas se retrouver écrasé par le poids de ces difficultés. Cet article vise à promouvoir l’humour en tant que véritable outil d’allègement de la charge du professionnel, à condition de l’utiliser dans un cadre précis. Un éclairage psychologique à partir de situations rencontrées en samsah ainsi que l’apport de la pratique en psychomotricité serviront de point de départ à la définition de ce cadre. |
| 690 ## - LOCAL SUBJECT ADDED ENTRY--TOPICAL TERM (OCLC, RLIN) | |
| Topical term or geographic name as entry element | Accompagnement |
| 690 ## - LOCAL SUBJECT ADDED ENTRY--TOPICAL TERM (OCLC, RLIN) | |
| Topical term or geographic name as entry element | corps |
| 690 ## - LOCAL SUBJECT ADDED ENTRY--TOPICAL TERM (OCLC, RLIN) | |
| Topical term or geographic name as entry element | mot d’esprit |
| 690 ## - LOCAL SUBJECT ADDED ENTRY--TOPICAL TERM (OCLC, RLIN) | |
| Topical term or geographic name as entry element | outil |
| 690 ## - LOCAL SUBJECT ADDED ENTRY--TOPICAL TERM (OCLC, RLIN) | |
| Topical term or geographic name as entry element | prise en charge |
| 690 ## - LOCAL SUBJECT ADDED ENTRY--TOPICAL TERM (OCLC, RLIN) | |
| Topical term or geographic name as entry element | rire |
| 690 ## - LOCAL SUBJECT ADDED ENTRY--TOPICAL TERM (OCLC, RLIN) | |
| Topical term or geographic name as entry element | subjectivité |
| 700 10 - ADDED ENTRY--PERSONAL NAME | |
| Personal name | Lautridou, Marie |
| Relator term | author |
| 786 0# - DATA SOURCE ENTRY | |
| Note | VST - Vie sociale et traitements | 168 | 4 | 2025-12-05 | p. 100-106 | 0396-8669 |
| 856 41 - ELECTRONIC LOCATION AND ACCESS | |
| Uniform Resource Identifier | <a href="https://shs.cairn.info/revue-vst-vie-sociale-et-traitements-2025-4-page-100?lang=fr&redirect-ssocas=7080">https://shs.cairn.info/revue-vst-vie-sociale-et-traitements-2025-4-page-100?lang=fr&redirect-ssocas=7080</a> |
Pas d'exemplaire disponible.




Réseaux sociaux